[Event "CFriend AP-2004-Q-00007 email"]
[Site "Chessfriend.com"]
[Date "2004.02.28"]
[Round "1"]
[White "Marjamaeki, Marko"]
[Black "Brunsteins, Daniel"]
[Result "1/2-1/2"]
[WhiteElo "2056"]
[BlackElo "2235"]
[PlyCount "138"]
[EventDate "2004.??.??"]
[EventType "tourn (corr)"]
[EventRounds "12"]
[SourceTitle "Corr 2024"]
[Source "ChessBase"]
[SourceDate "2023.10.19"]
[SourceVersion "1"]
[SourceVersionDate "2023.10.19"]
[SourceQuality "1"]

1. d4 f5 2. Bg5 h6 3. Bh4 g5 4. e4 Nf6 5. e5 e6 6. exf6 Qxf6 7. Bg3 f4 8. Nf3 Nc6 9. c3 d6 10. Nbd2 Bd7 11. Ne4 Qf7 12. Bd3 Bg7 13. Qc2 0-0-0 14. Qb3 fxg3 15. fxg3 Rhf8 16. 0-0-0 Rde8 17. Rhf1 e5 18. d5 Na5 19. Qb4 Qxd5 20. c4 Nc6 21. Qxb7+ Kxb7 22. cxd5 Ne7 23. Bc4 Rd8 24. Rd3 g4 25. Nfd2 Nc8 26. Rc3 Nb6 27. Rd1 a6 28. Bb3 h5 29. Nc4 Bh6+ 30. Kb1 Nxc4 31. Bxc4 Bf5 32. Bd3 c5 33. dxc6+ Kc7 34. Ra3 Be3 35. Rxa6 Bc8 36. Ra3 Bd4 37. Rc1 d5 38. Nc3 Bxc3 39. bxc3 e4 40. Bb5 Rf2 41. Rb3 Bf5 42. Ka1 d4 43. cxd4 Rxd4 44. Ra3 Rd5 45. Ra7+ Kd6 46. Ba4 e3 47. c7 e2 48. Ra6+ Ke5 49. Ra8 Rf1 50. c8Q Bxc8 51. Raxc8 Kd4 52. Kb2 Re5 53. h3 Rxc1 54. Rxc1 e1Q 55. Rxe1 Rxe1 56. hxg4 Re2+ 57. Kb1 hxg4 58. Bd7 Kc3 59. a4 Re4 60. a5 Kb3 61. Kc1 Rc4+ 62. Kb1 Rb4 63. Kc1 Rd4 64. Bf5 Kc3 65. a6 Ra4 66. Kd1 Rxa6 67. Bxg4 Ra2 68. Bf3 Kd3 69. Ke1 Ke3 1/2-1/2